Το διαδίκτυο ως μέσο προώθησης και διανομής τουριστικών προϊόντων στην Ελλάδα. Μελέτη των επιπτώσεων του σε επιχειρηματικές πρακτικές και καταναλωτικές συμπεριφορές στο τουριστικό κύκλωμα : διδακτορική διατριβή

Αποθηκεύτηκε σε:
Λεπτομέρειες βιβλιογραφικής εγγραφής
Κύριος συγγραφέας: Τριχάς, Νικόλαος
Άλλοι συγγραφείς: Αγγελής, Βασίλης (Εισηγητής διατριβής)
Μορφή: Thesis Βιβλίο
Γλώσσα:Greek
Δημοσίευση: Χίος : Πανεπιστήμιο Αιγαίου, Τμήμα Διοίκησης Επιχειρήσεων, 2011
Θέματα:
Διαθέσιμο Online:http://hdl.handle.net/11610/10823
Ετικέτες: Προσθήκη ετικέτας
Δεν υπάρχουν, Καταχωρήστε ετικέτα πρώτοι!

MARC

LEADER 00000cam a2200000 i 4500
001 1/18331
008 120313s2011 gre d
035 |l 10112034 
040 |a GR-MY-UA  |b gre  |e aacr 
041 0 |a gre 
082 0 |a 338.47910688  |2 (22) 
100 1 |a Τριχάς, Νικόλαος. 
245 1 3 |a Το διαδίκτυο ως μέσο προώθησης και διανομής τουριστικών προϊόντων στην Ελλάδα. Μελέτη των επιπτώσεων του σε επιχειρηματικές πρακτικές και καταναλωτικές συμπεριφορές στο τουριστικό κύκλωμα :  |b διδακτορική διατριβή /  |c Νικόλαος Τριχάς ; επιβλέπων καθηγητής: Βασίλειος Αγγελής 
260 |a Χίος :   |b Πανεπιστήμιο Αιγαίου, Τμήμα Διοίκησης Επιχειρήσεων,   |c 2011 
300 |a xxiv, 647 σ.;  |b διαγρ., πίν.;  |c 30 εκ. 
500 |a Συμβουλευτική επιτροπή: Βασίλειος Αγγελής, Πάρις Τσάρτας, Κωνσταντίνος Κούτσικος 
502 # # |a Διατριβή (διδακτορική) – Πανεπιστήμιο Αιγαίου, Χίος, 2011. 
504 |a Βιβλιογραφία: σ.617-643 
650 0 0 |a Tourism  |x Marketing. 
650 0 0 |a Internet marketing. 
650 0 0 |a Tourism  |z Greece. 
650 0 0 |a Dissertations, Academic  |z Greece. 
700 1 |a Αγγελής, Βασίλης.  |4 ths 
852 |a INST  |b CHIOS  |c DIATR  |e 20120313  |h 338.47910688 ΤΡΙ  |p 005200031630  |q 005200031630  |t PHD  |y 23 
852 |a INST  |b CHIOS  |c DIATR  |e 20120313  |h 338.47910688 ΤΡΙ  |p 005200031640  |q 005200031640  |t PHD  |y 23 
856 |u http://hdl.handle.net/11610/10823 
901 |a BIBL2-2012-1 
909 |a Χ  |b 149508 
909 |a Χ  |b 149509 
924 |a ΤΡΙΧΑΣ  |b ΝΙΚΟΛΑΟΣ  |y ΧΙΟΣ  |z 2011-06 
970 |a ΣΠΕΝΤΖΑ  |b ΕΛΕΝΗ  |z 2012/03/13